LIBRARY & INFORMATION CENTRE, KCAET, TAVANUR

ONLINE PUBLIC ACCESS CATALOGUE (OPAC)

Normal view MARC view
  • Appu,V T.

Entry Personal Name

Number of records used in: 1

001 - CONTROL NUMBER

  • control field: 4486

003 - CONTROL NUMBER IDENTIFIER

  • control field: OSt

005 - DATE AND TIME OF LATEST TRANSACTION

  • control field: 20191028165714.0

008 - FIXED-LENGTH DATA ELEMENTS

  • fixed length control field: 191028|| aca||aabn | a|a d

040 ## - CATALOGING SOURCE

  • Original cataloging agency: OSt
  • Transcribing agency: OSt

100 ## - HEADING--PERSONAL NAME

  • Personal name: Appu,V T.

670 ## - SOURCE DATA FOUND

  • Source citation: Work cat.: (OSt): Appu,V T., Hasyavilasam
free website counter